Yemen City Quiz - Statistics

General Stats
  • This quiz has been taken 40 times
  • The average score is 4 of 7
Answer Stats
City % Correct
Sana'a
97%
Aden
94%
Taiz
62%
Ibb
53%
Al-Mukalla
24%
Al-Hudaydah
21%
Dhamar
21%
No matching quizzes found
Score Distribution
Percent of People with Each Score
Percentile by Number Answered
Your Score History
You have not taken this quiz